Estatísticas para Nomes comerciais das ligas de Futebol da América do Sul

Clique aqui para jogar o quiz

Estatísticas Gerais

  • Esse quiz foi jogado 7 vezes
  • A pontuação média é 3 de 10

Estatísticas das Respostas

PaísGeração local de TVNome comercial da Liga% Correto
BrasilGrupo Globo / TNT BrasilBrasileirão Assaí
86%
PeruGolPeruLiga 1 Movistar
43%
ChileCanal del FútbolCampeonato AFP PlanVital
29%
ColômbiaRCNLiga BetPlay Dimayor
29%
ArgentinaFOX Sports / TNT SportsSuperliga Quilmes Clásica
14%
BolíviaTigo Sports / Bolivia TVPrimera División
14%
EquadorGolTVLigaPro Banco Pichincha
14%
ParaguaiTigo SportsCopa de Primera Tigo - Visión Banco
14%
UruguaiTenfield (VTV/GolTV)Copa Coca-Cola
14%
VenezuelaMeridiano TVLiga FUTVE
14%

Distribuição das Pontuações

Percentil de Números Respondidos

Porcentagem de Pessoas com Cada Pontuação

Sua Pontuação Histórica

Você não jogou esse quiz